रजिया सुल्तान / (Record no. 215233)

MARC details
000 -LEADER
fixed length control field 00680nam a22001697a 4500
005 - DATE AND TIME OF LATEST TRANSACTION
control field 20260228152326.0
010 ## - LCCN (DPL NO)
LC control number BACCHHN26
020 ## - INTERNATIONAL STANDARD BOOK NUMBER
Terms of availability 300.00
International Standard Book Number 9788195204465
037 ## - SOURCE OF ACQUISITION
Source of stock number/acquisition अनुपम साहित्य सदन
082 ## - DEWEY DECIMAL CLASSIFICATION NUMBER
Classification number 920
100 ## - MAIN ENTRY--PERSONAL NAME
Personal name गिलेश
245 ## - TITLE STATEMENT
Title रजिया सुल्तान /
Statement of responsibility, etc गिलेश
260 ## - PUBLICATION, DISTRIBUTION, ETC. (IMPRINT)
Place of publication, distribution, etc दिल्ली
Name of publisher, distributor, etc अनुपम साहित्य सदन
Date of publication, distribution, etc 202
270 ## - ADDRESS
Address विश्वास नगर,शाहदरा
City नई दिल्ली
Postal code 110032
300 ## - PHYSICAL DESCRIPTION
Extent 96पृ.:
Dimensions 22सेमी (सजिल्द)
942 ## - ADDED ENTRY ELEMENTS (KOHA)
Source of classification or shelving scheme Dewey Decimal Classification
Item type Children Books
Classification part 920
Call number suffix गिलेश

No items available.


© Delhi Public Library
Hit Counter
free hit counter